| 000 | 00614mam a2200193 a 4500 | ||
|---|---|---|---|
| 020 | _a9054106581 | ||
| 020 | _a9054106638 (pbk.) | ||
| 082 |
_a624.152 _bBHA _cL-40, P-03 |
||
| 100 | 1 |
_aBhandari, Sushil. _942600 |
|
| 245 | 1 | 0 |
_aEngineering rock blasting operations / _cby Sushil Bhandari. |
| 260 |
_aRotterdam, Netherlands ; _aBrookfield, VT : _bA.A. Balkema, _c1997. |
||
| 300 |
_axii, 375 p. : _bill. ; _c25 cm. |
||
| 526 |
_a0 _b0 _c0 _d624_152000000000000_BHA |
||
| 650 | 0 |
_aBlasting. _926995 |
|
| 650 | 0 |
_aMCE _9379 |
|
| 650 | 0 |
_aRock excavation. _942508 |
|
| 650 | 0 |
_aRocks _xFracture. _940839 |
|
| 942 |
_2ddc _cBK |
||
| 999 |
_c546464 _d546464 |
||